| 000 | 00560nam a2200181Ia 4500 | ||
|---|---|---|---|
| 008 | 090124s9999 xx 000 0 und d | ||
| 082 | _b29656 | ||
| 100 | _aCHURCHILL WINSTION S. | ||
| 245 | _aTHE SECOND WORLD WAR : TRIUMPH AND TRAGEDY (VOL. - 6) | ||
| 250 | _a1 | ||
| 260 |
_bCASSELL & CO. LTD. _c1954 |
||
| 300 | _a677+39 | ||
| 600 | _aCHURCHILL WINSTION S. | ||
| 630 | _aTHE SECOND WORLD WAR : TRIUMPH AND TRAGEDY (VOL. - 6) | ||
| 700 | _aCHURCHILL WINSTION S. | ||
| 730 | _aTHE SECOND WORLD WAR : TRIUMPH AND TRAGEDY (VOL. - 6) | ||
| 942 | _cBOOK | ||
| 999 |
_c95041 _d95041 |
||